00865nam a2200193Ia 450000500170000000800410001702000190005804000140007708200130009110000250010424500910012925000180022026000420023830000420028049000830032250001960040552100130060165000570061420230803103216.0220622s9999 xx 000 0 und d a97807993970000 aRDAc3228 aEKF PALM aPalmer J & Lombard R 0aTippie and the henc Jose Palmer & Reinette Lombard ; illustrations: Zinelda McDonald. aFirst edition aPretoria : bLAPA Publishers, c2019. a24 pages :b illustrations ; c22 cm. aLearn to read. Level 1 ; book 2 Palmer, Jose. Learn to read. Level 1 ; bk. 2. a"Grade R+ Home language, Grade 1+ FAL"--Slipcase. 5th impression also issued in slipcase with other titles in level 1 under title: Learn to read with Tippie the elephant, Level 1: book 1-10. aJuvenile aReaders (Primary) vVocabulary Juvenile literature.